| 000 | 00518nam a22001937a 4500 | ||
|---|---|---|---|
| 003 | CEME | ||
| 005 | 20210628202706.0 | ||
| 008 | 210125b xxu||||| |||| 00| 0 eng d | ||
| 020 | _a1-534-42398-1 | ||
| 040 | _c. | ||
| 082 | _a530 SER | ||
| 100 |
_aSerway, Raymond . A Jewett, John W _961098 |
||
| 245 | _aPhysics for scientists and engineers | ||
| 250 | _a6TH | ||
| 260 |
_aNEW YORK _bTHOMSON _c2004 |
||
| 300 | _aXXI,1320 P | ||
| 650 |
_aPHYSICS FOR SCIENTISTS.PHYSICS FOR ENGINEERS _961099 |
||
| 942 |
_cBK _2ddc |
||
| 999 |
_c570655 _d570655 |
||